Soil nutrient status of slope lands under Hevea brasiliensis in Mizoram at varying altitudes and their relationship with soil properties (Record no. 51536)

MARC details
000 -LEADER
fixed length control field 00613nam a2200205Ia 4500
100 ## - MAIN ENTRY--AUTHOR NAME
Personal name Satisha G.C.
245 #0 - TITLE STATEMENT
Title Soil nutrient status of slope lands under Hevea brasiliensis in Mizoram at varying altitudes and their relationship with soil properties
260 ## - PUBLICATION, DISTRIBUTION, ETC. (IMPRINT)
Name of publisher Indian Journal of Natural Rubber Research
Year of publication 2000
300 ## - PHYSICAL DESCRIPTION
Number of Pages 46-55
650 ## - SUBJECT ADDED ENTRY--TOPICAL TERM
Topical Term Altitude
650 ## - SUBJECT ADDED ENTRY--TOPICAL TERM
Topical Term Mizoram
650 ## - SUBJECT ADDED ENTRY--TOPICAL TERM
Topical Term Nutrient status
650 ## - SUBJECT ADDED ENTRY--TOPICAL TERM
Topical Term Slope land
650 ## - SUBJECT ADDED ENTRY--TOPICAL TERM
Topical Term Soil analysis
700 ## - ADDED ENTRY--PERSONAL NAME
Personal name Dey S.K.
700 ## - ADDED ENTRY--PERSONAL NAME
Personal name Pal T.K.
700 ## - ADDED ENTRY--PERSONAL NAME
Personal name Varghese Y.A.
942 ## - ADDED ENTRY ELEMENTS (KOHA)
Koha item type Bibliography STAF
Holdings
Withdrawn status Lost status Damaged status Not for loan Home library Current library Shelving location Date acquired Serial Enumeration / chronology Koha item type
      Bibliography RRII Library RRII Library Soils and agonomy 09/04/2014 Volume 13, Issue 1&2 Bibliography STAF